Fr. Conceicao Rodrigues College of Engineering

Over 100 tips and techniques to excel in exams (Record no. 18336)

MARC details
000 -LEADER
fixed length control field 00360nam a2200145Ia 4500
082 ## - DEWEY DECIMAL CLASSIFICATION NUMBER
Classification number 371.3028
Item number SAV
100 ## - MAIN ENTRY--PERSONAL NAME
Personal name Savage/Norman/ Atthreya/N.H
245 ## - TITLE STATEMENT
Title Over 100 tips and techniques to excel in exams
260 ## - PUBLICATION, DISTRIBUTION, ETC.
Name of publisher, distributor, etc. MMC School Of Management
Place of publication, distribution, etc. Mumbai
Date of publication, distribution, etc. 1997
300 ## - PHYSICAL DESCRIPTION
Extent 112
546 ## - LANGUAGE NOTE
Language note ENGLISH
650 ## - SUBJECT ADDED ENTRY--TOPICAL TERM
Topical term or geographic name entry element General
654 ## - SUBJECT ADDED ENTRY--FACETED TOPICAL TERMS
Focus term 100 tips
942 ## - ADDED ENTRY ELEMENTS (KOHA)
Koha item type BOOK
Holdings
Withdrawn status Lost status Damaged status Not for loan Collection Home library Current library Date acquired Total Checkouts Full call number Barcode Date last seen Price effective from Koha item type
        CRC Fr. Agnel's C.Rodrigues College of Engineering Fr. Agnel's C.Rodrigues College of Engineering 17/03/2023   371.3028 SAV 12727 17/03/2023 17/03/2023 BOOK